书目信息 |
| 题名: |
中国衣冠举止图解
|
|
| 作者: | 亚历山大 | |
| 分册: | ||
| 出版信息: | 北京 北京理工大学出版社 2016.07 |
|
| 页数: | 261 | |
| 开本: | 24cm | |
| 丛书名: | ||
| 单 册: | ||
| 中图分类: | K892.23 | |
| 科图分类: | ||
| 主题词: | ||
| 电子资源: | ||
| ISBN: | 978-7-5682-2323-2 | |
| 000 | 00556nam0 2200169 450 | |
| 001 | 202410251505260912 | |
| 005 | 20241025145903.14 | |
| 010 | @a978-7-5682-2323-2@d¥128.00 | |
| 100 | @a20241025d km y0chiy0120 ea | |
| 101 | 0 | @achi |
| 200 | 1 | @a中国衣冠举止图解@AZhong Guo Yi Guan Ju Zhi Tu Jie@f(英)亚历山大@F(Ying)Ya Li Shan Da |
| 210 | @a北京@c北京理工大学出版社@d2016.07 | |
| 215 | @a261@d24cm | |
| 690 | @aK892.23@v4 | |
| 701 | 0 | @a亚历山大@AYa Li Shan Da |
| 801 | 0 | @aCN@b大连网信软件有限公司图书馆·11@c20241025 |
| 905 | @aZUCC@b7513403@dK892.23@e438@f1 | |
| 中国衣冠举止图解/(英)亚历山大.-北京:北京理工大学出版社,2016.07 |
| 261;24cm |
| ISBN 978-7-5682-2323-2:¥128.00 |
| ● |
| 相关链接 |
|
|
|
|
正题名:中国衣冠举止图解
索取号:K892.23/438
 
预约/预借
| 序号 | 登录号 | 条形码 | 馆藏地/架位号 | 状态 | 备注 |
| 1 | 7513403 | 275134034 | 密集书库-史法系/ [索取号:K892.23/438] | 在馆 |